000 00594nam a2200217Ia 4500
003 OSt
005 20260216094941.0
008 210210b2000 xxu||||| |||| 00| 0 eng d
020 _a81 7156 904 8
040 _cAL
041 _aEnglish
082 _a820.072 KUSI
100 N _aKushwaha M S
_9254976
245 _aIndian doctoral dissertations in english studies
_b: a reference guide
260 _aN D
_bAtlantic Publishers & distributors.
_c2000
300 _axiv,305
690 _aEnglish Literature
_9254978
700 _aNaseem, Kamal
_9254979
906 _a060474
942 _2ddc
_cBK
999 _c107444
_d107444